Click the New York Cities - Statistics

General Stats
  • This quiz has been taken 17 times
  • The average score is 7 of 12
Answers on the Map
Answers color-coded by a green-red scale on the quiz's map according to % correct below.
 
Answer Stats
Answer % Correct
New York City
93%
Buffalo
79%
Rochester
71%
Montauk
64%
Syracuse
64%
Albany
57%
Poughkeepsie
57%
Binghamton
50%
Ithaca
50%
Plattsburgh
50%
Jamestown
36%
Lake Placid
21%
No matching quizzes found
Score Distribution
Percent of People with Each Score
Percentile by Number Answered
Your Score History
You have not taken this quiz